000 00363nam a22001577a 4500
082 _a001
_bCOM/C
100 _aCOMPETITION REVIEW
245 _aGENERAL KNOWLEDGE YEAR BOOK
246 _aYEAR BOOK 2012
246 _aYEAR BOOK 2013
260 _aNEW DELHI
_bCOMPETITION REVIEW PVT LTD
_c2013
300 _a512
520 _aG.K
650 _aG.K
942 _cBK
999 _c6754
_d6754